[Event "Seefeld-Casino op 19th"]
[Site "Seefeld/Tirol (5.9.-13.9)"]
[Date "2008.09.05"]
[Round "1.27"]
[White "Schmidt, Wolfgang(50)"]
[Black "Aufmwasser, Guenter"]
[Result "1-0"]
[WhiteElo "2023"]
[BlackElo "1553"]
[PlyCount "51"]
[EventDate "2008.09.??"]
[EventType "swiss"]
[EventRounds "9"]
[Source "Ganslmayer"]
[SourceDate "2010.03.14"]
[WhiteTeamCountry "SWE"]

1. e4 e5 2. Bc4 d6 3. Nc3 Be6 4. d3 Bxc4 5. dxc4 Nd7 6. Nf3 Be7 7. Be3 Ngf6 8.
h3 Nc5 9. Bxc5 dxc5 10. Nxe5 O-O 11. Qe2 c6 12. Rd1 Qc7 13. Nd3 Rfe8 14. O-O g6
15. f4 b6 16. Qf3 Red8 17. e5 Ne8 18. f5 Bf8 19. Ne4 Rxd3 20. Rxd3 Qxe5 21.
fxg6 f6 22. gxh7+ Kh8 23. Qg4 Bg7 24. Rd7 f5 25. Rxf5 Qxb2 26. Rf8+ 1-0

[Event "Seefeld-Casino op 19th"]
[Site "Seefeld/Tirol (5.9.-13.9)"]
[Date "2008.09.05"]
[Round "1.28"]
[White "Verwer, Renzo"]
[Black "Jolowicz, Matias Dr"]
[Result "0-1"]
[WhiteElo "1522"]
[BlackElo "2027"]
[PlyCount "46"]
[EventDate "2008.09.??"]
[EventType "swiss"]
[EventRounds "9"]
[Source "Ganslmayer"]
[SourceDate "2010.03.14"]
[WhiteTeamCountry "SWE"]

1. e4 Nf6 2. Nc3 d6 3. b3 g6 4. Bb2 Bg7 5. d4 O-O 6. h4 c5 7. e5 Ng4 8. h5 cxd4
9. hxg6 dxc3 10. gxh7+ Kh8 11. Bxc3 Nc6 12. Be2 Ncxe5 13. f4 Nf3+ 14. Bxf3
Bxc3+ 15. Ke2 Qb6 16. Bxg4 Bxg4+ 17. Nf3 Bxa1 18. Qxa1+ f6 19. Rh4 Bxf3+ 20.
gxf3 Qb5+ 21. c4 Qf5 22. Qh1 Rf7 23. Rh5 Rxh7 0-1

[Event "Seefeld-Casino op 19th"]
[Site "Seefeld/Tirol (5.9.-13.9)"]
[Date "2008.09.05"]
[Round "1.29"]
[White "Mertens, Klaus"]
[Black "Rudolph, Joachim"]
[Result "1/2-1/2"]
[WhiteElo "2001"]
[BlackElo "1578"]
[PlyCount "58"]
[EventDate "2008.09.??"]
[EventType "swiss"]
[EventRounds "9"]
[Source "Ganslmayer"]
[SourceDate "2010.03.14"]
[WhiteTeam "Mainz-Mombach SV"]
[BlackTeam "Delitzsch ESV"]

1. Nf3 e6 2. c4 f5 3. g3 Nf6 4. Bg2 Be7 5. Nc3 O-O 6. O-O c6 7. b3 Ne4 8. Bb2
Bf6 9. Qc2 d5 10. e3 Nd7 11. Na4 Qe7 12. d3 Bxb2 13. Qxb2 Nef6 14. Rac1 Re8 15.
Nc3 Nf8 16. b4 Ng6 17. a4 Bd7 18. a5 Rac8 19. Na4 Red8 20. Nc5 Be8 21. Ne5 a6
22. Nxg6 hxg6 23. Qe5 Bf7 24. h3 Nd7 25. Nxd7 Qxd7 26. Rb1 Qd6 27. Qxd6 Rxd6
28. Rfd1 Rcd8 29. Bf3 e5 1/2-1/2

[Event "Seefeld-Casino op 19th"]
[Site "Seefeld/Tirol (5.9.-13.9)"]
[Date "2008.09.05"]
[Round "1.30"]
[White "Egger, Herbert"]
[Black "Schumacher, Helmut(31)"]
[Result "0-1"]
[WhiteElo "1698"]
[BlackElo "1972"]
[PlyCount "80"]
[EventDate "2008.09.??"]
[EventType "swiss"]
[EventRounds "9"]
[Source "Ganslmayer"]
[SourceDate "2010.03.14"]

1. e4 e6 2. d4 d5 3. e5 b6 4. Nf3 Ne7 5. Bg5 h6 6. Bh4 Qd7 7. c3 a5 8. Bd3 Ba6
9. O-O Bxd3 10. Qxd3 Nf5 11. Bg3 Be7 12. h3 c5 13. Nbd2 Nc6 14. Nb3 c4 15. Qd1
cxb3 16. axb3 O-O 17. Bf4 Qd8 18. Be3 Nxe3 19. fxe3 Bg5 20. Nxg5 Qxg5 21. Qe2
Ne7 22. Rf3 Rac8 23. Raf1 Nf5 24. Qf2 Rc7 25. Re1 h5 26. e4 dxe4 27. Rxe4 Rd8
28. h4 Qg6 29. Re1 Nh6 30. d5 Rxd5 31. Qxb6 Rcd7 32. Qb8+ Kh7 33. Qe8 Rd2 34.
Rf2 Rxf2 35. Kxf2 Rd2+ 36. Re2 Ng4+ 37. Ke1 Rxe2+ 38. Kxe2 Qc2+ 39. Kf3 Qf2+
40. Ke4 Qe3# 0-1

[Event "Seefeld-Casino op 19th"]
[Site "Seefeld/Tirol (5.9.-13.9)"]
[Date "2008.09.05"]
[Round "1.31"]
[White "Erhart, Uwe"]
[Black "Lettenbichler, Marco"]
[Result "1-0"]
[WhiteElo "1954"]
[BlackElo "1508"]
[PlyCount "67"]
[EventDate "2008.09.??"]
[EventType "swiss"]
[EventRounds "9"]
[Source "Ganslmayer"]
[SourceDate "2010.03.14"]

1. e4 e5 2. Nf3 Nc6 3. Bb5 Bc5 4. O-O Nge7 5. c3 a6 6. Ba4 b5 7. Bb3 d6 8. Ng5
d5 9. exd5 Na5 10. d6 Nxb3 11. Qxb3 O-O 12. dxe7 Qxe7 13. d3 h6 14. Ne4 Be6 15.
Qc2 Bb6 16. Be3 f5 17. Ned2 Ba5 18. Nb3 f4 19. Bc5 Qg5 20. f3 Bxb3 21. axb3 Bb6
22. Bxb6 cxb6 23. Nd2 Rfd8 24. Ne4 Qg6 25. Rfd1 a5 26. d4 exd4 27. Rxd4 Rxd4
28. cxd4 Qe6 29. Rd1 Rc8 30. Qd3 b4 31. d5 Qe5 32. Qd4 Qxd4+ 33. Rxd4 Rd8 34.
d6 1-0

[Event "Seefeld-Casino op 19th"]
[Site "Seefeld/Tirol (5.9.-13.9)"]
[Date "2008.09.05"]
[Round "1.32"]
[White "Loew, Bernd"]
[Black "Schulze, Joachim"]
[Result "0-1"]
[WhiteElo "1498"]
[BlackElo "1981"]
[PlyCount "76"]
[EventDate "2008.09.??"]
[EventType "swiss"]
[EventRounds "9"]
[Source "Ganslmayer"]
[SourceDate "2010.03.14"]

1. e4 c6 2. d4 d5 3. e5 c5 4. c3 Nc6 5. Bb5 e6 6. Nf3 Bd7 7. O-O Nxe5 8. Bxd7+
Nxd7 9. Be3 Ngf6 10. h3 c4 11. Nbd2 Be7 12. Qc2 O-O 13. Nh2 Re8 14. f4 Nf8 15.
Nhf3 Bd6 16. g3 Qc7 17. Rf2 Re7 18. Raf1 Rae8 19. Nh4 Ng6 20. Ng2 b5 21. Rf3 a5
22. Kh2 b4 23. Rb1 Rb8 24. Rff1 Qc6 25. f5 exf5 26. Bg5 bxc3 27. bxc3 Rxb1 28.
Nxb1 Bxg3+ 29. Kxg3 Ne4+ 30. Kh2 Nxg5 31. Qxf5 Ne4 32. Kg1 Ng3 33. Qg4 Nxf1 34.
Kxf1 Qe6 35. Qd1 Qf5+ 36. Kg1 Nf4 37. Nxf4 Qxf4 38. Qf1 Qg3+ 0-1

[Event "Seefeld-Casino op 19th"]
[Site "Seefeld/Tirol (5.9.-13.9)"]
[Date "2008.09.05"]
[Round "1.33"]
[White "Lang, Ferdinand(49)"]
[Black "Michel, Jan"]
[Result "1-0"]
[WhiteElo "1968"]
[BlackElo "1481"]
[PlyCount "123"]
[EventDate "2008.09.??"]
[EventType "swiss"]
[EventRounds "9"]
[Source "Ganslmayer"]
[SourceDate "2010.03.14"]

1. e4 e5 2. Nf3 Nc6 3. Bb5 a6 4. Ba4 b5 5. Bb3 d6 6. c3 Be7 7. h3 Na5 8. Bc2
Nf6 9. O-O O-O 10. d4 exd4 11. cxd4 c6 12. Re1 Re8 13. Nbd2 Bd7 14. Nf1 Nb7 15.
Ng3 h6 16. Qd3 c5 17. b3 c4 18. bxc4 bxc4 19. Qxc4 Bb5 20. Qc3 Rc8 21. Qd2 Qc7
22. Bd3 Bxd3 23. Qxd3 a5 24. Bd2 Qd7 25. Rab1 Rc7 26. Rb5 a4 27. Reb1 Qc8 28.
Bb4 Rc1+ 29. Rxc1 Qxc1+ 30. Kh2 Qc6 31. d5 Qd7 32. Nd4 Nc5 33. Qc2 Bd8 34. f3
Na6 35. Qxa4 Nc5 36. Qc2 Be7 37. Ngf5 Bf8 38. Rb6 g6 39. Ng3 h5 40. Nb3 h4 41.
Ne2 Nxb3 42. axb3 Qa7 43. Rc6 Qf2 44. Ng1 Qg3+ 45. Kh1 Nh5 46. Qd1 Qe5 47. Ne2
Ra8 48. Bc3 Qe7 49. Qd3 Ra2 50. Bd2 Ra1+ 51. Rc1 Ra2 52. Kg1 Qa7+ 53. Be3 Qa3
54. Rc8 Ra1+ 55. Kf2 Qb4 56. Qc3 Qa3 57. Bh6 Qa7+ 58. Qe3 Qxe3+ 59. Kxe3 Ng7
60. Bg5 Ra7 61. Bxh4 Rb7 62. b4 1-0

[Event "Seefeld-Casino op 19th"]
[Site "Seefeld/Tirol (5.9.-13.9)"]
[Date "2008.09.05"]
[Round "1.34"]
[White "Bangert, Ruediger"]
[Black "Nachtkamp, Herbert"]
[Result "0-1"]
[WhiteElo "1461"]
[BlackElo "1970"]
[PlyCount "66"]
[EventDate "2008.09.??"]
[EventType "swiss"]
[EventRounds "9"]
[Source "Ganslmayer"]
[SourceDate "2010.03.14"]

1. d4 d5 2. c4 Nc6 3. cxd5 Qxd5 4. e3 e5 5. Nc3 Bb4 6. Bd2 Bxc3 7. bxc3 Nf6 8.
c4 Qd6 9. d5 Ne7 10. Be2 Ne4 11. Nf3 O-O 12. O-O c6 13. dxc6 Nxc6 14. Qc2 Nxd2
15. Qxd2 Qe7 16. Qb2 Bg4 17. h3 Bf5 18. Rfd1 f6 19. Nh4 Be6 20. Rab1 Rab8 21.
Qc3 Rfc8 22. Bd3 g6 23. Rd2 Nd8 24. Qc2 f5 25. Bxf5 gxf5 26. Nxf5 Qg5 27. Nd6
Rc7 28. Ne4 Qe7 29. Ng3 Nf7 30. Nf5 Qc5 31. Rc1 Qb4 32. Qd3 Bxf5 33. Qxf5 Qxd2
0-1

[Event "Seefeld-Casino op 19th"]
[Site "Seefeld/Tirol (5.9.-13.9)"]
[Date "2008.09.05"]
[Round "1.35"]
[White "Opitz, Christian"]
[Black "Senn, Othmar"]
[Result "1-0"]
[WhiteElo "1939"]
[BlackElo "1653"]
[PlyCount "47"]
[EventDate "2008.09.??"]
[EventType "swiss"]
[EventRounds "9"]
[Source "Ganslmayer"]
[SourceDate "2010.03.14"]

1. e4 d5 2. exd5 Nf6 3. d4 Nxd5 4. c4 Nf6 5. Nc3 Bf5 6. Qf3 Qc8 7. a3 e6 8. Bd3
Bxd3 9. Qxd3 Be7 10. Nf3 h6 11. O-O O-O 12. Bf4 Bd6 13. Ne5 Nbd7 14. Rfe1 Rd8
15. Qf3 Be7 16. Rad1 c6 17. Qe2 a6 18. Nxf7 Rf8 19. Nd6 Bxd6 20. Qxe6+ Rf7 21.
Bxd6 b5 22. c5 Qb7 23. Qb3 Kh8 24. Qxf7 1-0

[Event "Seefeld-Casino op 19th"]
[Site "Seefeld/Tirol (5.9.-13.9)"]
[Date "2008.09.05"]
[Round "1.36"]
[White "Abraham, Helmut"]
[Black "Dalnodar, Bernhard"]
[Result "0-1"]
[WhiteElo "1352"]
[BlackElo "1989"]
[PlyCount "70"]
[EventDate "2008.09.??"]
[EventType "swiss"]
[EventRounds "9"]
[Source "Ganslmayer"]
[SourceDate "2010.03.14"]

1. e4 c5 2. Nc3 Nc6 3. Bc4 Nf6 4. f4 d6 5. Nf3 Bg4 6. O-O a6 7. a4 e6 8. Be2
Nd7 9. d4 Bxf3 10. Bxf3 Nxd4 11. Be3 Nxf3+ 12. Qxf3 Be7 13. f5 Ne5 14. Qh5 exf5
15. Qxf5 Qd7 16. Nd5 Qxf5 17. exf5 Rc8 18. Rae1 f6 19. Bf4 Kf7 20. Bxe5 dxe5
21. c4 Rcd8 22. g4 Bd6 23. Kg2 h5 24. Re4 Rh6 25. h3 Rdh8 26. Rh1 hxg4 27. Rxg4
g6 28. Ne3 Bc7 29. fxg6+ Rxg6 30. Kf3 Rxg4 31. Kxg4 Ke6 32. Nd5 f5+ 33. Kg5
Bd8+ 34. Kg6 Rg8+ 35. Kh5 Kf7 0-1

[Event "Seefeld-Casino op 19th"]
[Site "Seefeld/Tirol (5.9.-13.9)"]
[Date "2008.09.05"]
[Round "1.37"]
[White "Schnegg, Daniel"]
[Black "Mueller, Ralf(03.69)"]
[Result "0-1"]
[WhiteElo "1985"]
[BlackElo "2374"]
[PlyCount "92"]
[EventDate "2008.09.??"]
[EventType "swiss"]
[EventRounds "9"]
[Source "Ganslmayer"]
[SourceDate "2010.03.14"]
[WhiteTeam "AUT/Landeck"]
[BlackTeam "Böblingen-HP SC"]
[WhiteTeamCountry "AUT"]

1. e4 c5 2. Nf3 d6 3. d4 cxd4 4. Nxd4 Nf6 5. Nc3 Nc6 6. Bc4 Qb6 7. Nb3 e6 8.
Bf4 Ne5 9. Be2 a6 10. Qd2 Be7 11. O-O-O Qc7 12. g4 b5 13. a3 Nc4 14. Qe1 e5 15.
Bg5 Be6 16. Bxf6 Bxf6 17. Nd5 Bxd5 18. Rxd5 Nb6 19. Rd3 O-O 20. h4 Rac8 21. Rc3
Qb7 22. Bf3 Rxc3 23. Qxc3 d5 24. Na5 d4 25. Qxd4 Qc7 26. Qd3 Be7 27. g5 Rd8 28.
Qe2 Na4 29. Qe1 Rc8 30. Bd1 b4 31. axb4 Rb8 32. Nb3 Bxb4 33. c3 Bf8 34. Bc2 Nb6
35. Rh3 Na4 36. Qe2 a5 37. Bd3 Nxb2 38. Kxb2 a4 39. Bb5 axb3 40. c4 Bc5 41.
Rxb3 Qa5 42. Kc2 Rd8 43. Rd3 Qa2+ 44. Kd1 Qb1+ 45. Kd2 Ra8 46. Qd1 Qb2+ 0-1

[Event "Seefeld-Casino op 19th"]
[Site "Seefeld/Tirol (5.9.-13.9)"]
[Date "2008.09.05"]
[Round "1.38"]
[White "Vonach, Bernhard Dr"]
[Black "Aab, Manfred"]
[Result "1/2-1/2"]
[WhiteElo "1817"]
[BlackElo "1532"]
[PlyCount "55"]
[EventDate "2008.09.??"]
[EventType "swiss"]
[EventRounds "9"]
[Source "Ganslmayer"]
[SourceDate "2010.03.14"]
[WhiteTeamCountry "AUT"]

1. d4 Nf6 2. Nf3 g6 3. c4 Bg7 4. Nc3 d5 5. cxd5 Nxd5 6. e4 Nxc3 7. bxc3 O-O 8.
Rb1 c5 9. Be2 Nc6 10. Be3 cxd4 11. cxd4 Qa5+ 12. Bd2 Qxa2 13. Bc3 Qa3 14. Rb3
Qd6 15. O-O a6 16. Qa1 Na7 17. Rfb1 b5 18. Bb4 Qc7 19. Qa3 Re8 20. Rc1 Qb7 21.
d5 Bg4 22. Bc3 Bf8 23. Ra1 Bc8 24. Bb4 e6 25. Bxf8 Rxf8 26. Rd1 exd5 27. exd5
Bf5 28. Nd4 1/2-1/2

[Event "Seefeld-Casino op 19th"]
[Site "Seefeld/Tirol (5.9.-13.9)"]
[Date "2008.09.06"]
[Round "2.1"]
[White "Gatterer, Matthias"]
[Black "Van der Weide, Karel"]
[Result "0-1"]
[WhiteElo "2081"]
[BlackElo "2415"]
[PlyCount "112"]
[EventDate "2008.09.??"]
[EventType "swiss"]
[EventRounds "9"]
[Source "Ganslmayer"]
[SourceDate "2010.03.14"]
[WhiteTeamCountry "AUT"]

1. d4 Nf6 2. Nf3 g6 3. c4 Bg7 4. Nc3 d5 5. Bg5 Ne4 6. Bf4 Nxc3 7. bxc3 c5 8.
cxd5 cxd4 9. cxd4 Qxd5 10. e3 Nc6 11. Be2 O-O 12. O-O Bf5 13. Qa4 Qa5 14. Qxa5
Nxa5 15. Rfc1 Rfc8 16. Kf1 Be6 17. Ke1 a6 18. Nd2 Bd5 19. Bf3 Bxf3 20. Nxf3 b5
21. Kd2 Nc4+ 22. Kd3 f6 23. e4 Rd8 24. Be3 e5 25. Ke2 exd4 26. Bxd4 Re8 27. a4
Rad8 28. axb5 axb5 29. Kf1 Rxe4 30. Bc3 Rb8 31. Rab1 f5 32. Bb4 h6 33. Rb3 Bf8
34. Rcb1 Bxb4 35. Rxb4 Rbe8 36. g3 Na3 37. Rxe4 fxe4 38. Re1 Nc4 39. Nd4 Re5
40. Rc1 e3 41. fxe3 Nxe3+ 42. Kf2 Ng4+ 43. Kg2 Rd5 44. Nf3 Ne3+ 45. Kf2 Nc4 46.
Ng1 Kf7 47. Rb1 Ne5 48. h3 Rc5 49. Ne2 Nc6 50. Nf4 Rc2+ 51. Ke3 Rc3+ 52. Kf2
Nd4 53. Nd5 Rc2+ 54. Ke3 Nf5+ 55. Kf3 Rc8 56. Rd1 Rc4 0-1

[Event "Seefeld-Casino op 19th"]
[Site "Seefeld/Tirol (5.9.-13.9)"]
[Date "2008.09.06"]
[Round "2.2"]
[White "Mueller, Ralf(03.69)"]
[Black "Pregl, Walter"]
[Result "1-0"]
[WhiteElo "2374"]
[BlackElo "2257"]
[PlyCount "63"]
[EventDate "2008.09.??"]
[EventType "swiss"]
[EventRounds "9"]
[Source "Ganslmayer"]
[SourceDate "2010.03.14"]
[WhiteTeam "Böblingen-HP SC"]
[BlackTeam "AUT/Absam-Spk"]
[BlackTeamCountry "AUT"]

1. Nf3 Nf6 2. c4 g6 3. Nc3 Bg7 4. g3 d6 5. Bg2 O-O 6. O-O e5 7. d3 Nh5 8. e4
Nc6 9. Nd5 Ne7 10. h3 c6 11. Nxe7+ Qxe7 12. Be3 c5 13. Qd2 Rb8 14. Rae1 b6 15.
b3 Bb7 16. g4 Nf6 17. Bg5 Qd7 18. Nh2 Ne8 19. Be3 Nc7 20. f4 f6 21. f5 Rbe8 22.
h4 Qe7 23. Rf3 gxf5 24. gxf5 Kh8 25. Rg3 Rg8 26. Kh1 Qf7 27. Bf3 Bf8 28. Rxg8+
Qxg8 29. Rg1 Bg7 30. h5 Qf7 31. h6 Bf8 32. Qg2 1-0

[Event "Seefeld-Casino op 19th"]
[Site "Seefeld/Tirol (5.9.-13.9)"]
[Date "2008.09.06"]
[Round "2.3"]
[White "Bronznik, Valeri"]
[Black "Neubauer, Kai(65)"]
[Result "1-0"]
[WhiteElo "2306"]
[BlackElo "1981"]
[PlyCount "61"]
[EventDate "2008.09.??"]
[EventType "swiss"]
[EventRounds "9"]
[Source "Ganslmayer"]
[SourceDate "2010.03.14"]
[BlackTeamCountry "AUT"]

1. d4 d5 2. c4 e6 3. Nc3 Nf6 4. cxd5 Nxd5 5. e4 Nxc3 6. bxc3 c5 7. Nf3 cxd4 8.
cxd4 Bb4+ 9. Bd2 Bxd2+ 10. Qxd2 O-O 11. Bc4 Nc6 12. O-O b6 13. Rfe1 Bb7 14.
Rad1 Re8 15. Qf4 Rc8 16. d5 exd5 17. Bxd5 Qe7 18. Qf5 Rc7 19. e5 Nd8 20. Bxb7
Nxb7 21. Ng5 g6 22. Qf4 Rc5 23. e6 fxe6 24. Rxe6 Qf8 25. Rxe8 Qxe8 26. h4 h6
27. Ne4 Qe5 28. Nf6+ Kf7 29. Qf3 Ke6 30. Nd7 Qc7 31. Qf6# 1-0

[Event "Seefeld-Casino op 19th"]
[Site "Seefeld/Tirol (5.9.-13.9)"]
[Date "2008.09.06"]
[Round "2.4"]
[White "Meertens, Martin"]
[Black "Gatterer, Florian"]
[Result "0-1"]
[WhiteElo "2059"]
[BlackElo "2228"]
[PlyCount "50"]
[EventDate "2008.09.??"]
[EventType "swiss"]
[EventRounds "9"]
[Source "Ganslmayer"]
[SourceDate "2010.03.14"]
[WhiteTeam "Köln-Klub Sfr."]
[BlackTeam "Böblingen-HP SC"]

1. e4 c6 2. d4 d5 3. e5 c5 4. c3 Nc6 5. Nf3 Bg4 6. Be2 e6 7. h3 Bxf3 8. Bxf3
cxd4 9. cxd4 Nge7 10. Be3 Qb6 11. Qb3 Qxb3 12. axb3 Nf5 13. Ra4 Bb4+ 14. Nc3
Ncxd4 15. Bxd4 Nxd4 16. Kd1 Nc6 17. Re1 Ke7 18. Re2 Bc5 19. Na2 Rac8 20. Nc1
Bb6 21. g3 Rc7 22. b4 Nd4 23. Re3 Rhc8 24. Nd3 Nb3 25. Re1 Rc2 0-1

[Event "Seefeld-Casino op 19th"]
[Site "Seefeld/Tirol (5.9.-13.9)"]
[Date "2008.09.06"]
[Round "2.5"]
[White "Voss, Ingo"]
[Black "Kesik, Klaus-Dieter"]
[Result "0-1"]
[WhiteElo "2019"]
[BlackElo "2185"]
[PlyCount "39"]
[EventDate "2008.09.??"]
[EventType "swiss"]
[EventRounds "9"]
[Source "Ganslmayer"]
[SourceDate "2010.03.14"]

1. e4 Nf6 2. e5 Nd5 3. c4 Nb6 4. c5 Nd5 5. Nc3 e6 6. d4 d6 7. cxd6 Nxc3 8. bxc3
cxd6 9. exd6 Bxd6 10. Nf3 O-O 11. Bd3 f5 12. O-O Nc6 13. Re1 h6 14. c4 Bb4 15.
Re2 Bc3 16. Ba3 Bxa1 17. Qxa1 Rf7 18. Qc1 e5 19. d5 e4 20. dxc6 0-1

[Event "Seefeld-Casino op 19th"]
[Site "Seefeld/Tirol (5.9.-13.9)"]
[Date "2008.09.06"]
[Round "2.6"]
[White "Jolowicz, Matias Dr"]
[Black "Knechtel, Roland"]
[Result "1/2-1/2"]
[WhiteElo "2027"]
[BlackElo "2169"]
[PlyCount "47"]
[EventDate "2008.09.??"]
[EventType "swiss"]
[EventRounds "9"]
[Source "Ganslmayer"]
[SourceDate "2010.03.14"]
[WhiteTeam "Salzgitter SVG"]
[BlackTeam "Röhrnbach SV"]

1. c4 g6 2. g3 Bg7 3. Bg2 e5 4. Nc3 d6 5. d3 f5 6. e4 Nf6 7. Nge2 Nc6 8. O-O
O-O 9. h3 Be6 10. Nd5 Qd7 11. Kh2 h6 12. Be3 g5 13. exf5 Bxf5 14. d4 e4 15.
Nec3 Rae8 16. Rc1 a6 17. a3 Rf7 18. b4 Nxd5 19. Nxd5 Ne7 20. Nc3 d5 21. cxd5
Nxd5 22. Nxd5 Qxd5 23. Qh5 Qd6 24. h4 1/2-1/2

[Event "Seefeld-Casino op 19th"]
[Site "Seefeld/Tirol (5.9.-13.9)"]
[Date "2008.09.06"]
[Round "2.7"]
[White "Platzgummer, Fabian"]
[Black "Schmidt, Wolfgang(50)"]
[Result "1-0"]
[WhiteElo "2262"]
[BlackElo "2023"]
[PlyCount "77"]
[EventDate "2008.09.??"]
[EventType "swiss"]
[EventRounds "9"]
[Source "Ganslmayer"]
[SourceDate "2010.03.14"]

1. e4 Nf6 2. e5 Nd5 3. d4 d6 4. c4 Nb6 5. exd6 cxd6 6. Nc3 g6 7. Be3 Bg7 8. Rc1
O-O 9. b3 Bf5 10. d5 e5 11. dxe6 fxe6 12. Be2 Nc6 13. Nf3 Nb4 14. a3 Nc6 15.
O-O d5 16. Bg5 Bf6 17. Bxf6 Rxf6 18. cxd5 exd5 19. Nd4 Bd7 20. Qd2 Qf8 21. Nxc6
bxc6 22. b4 Qf7 23. Ba6 Rf8 24. f3 g5 25. Qxg5+ Rg6 26. Qd2 Bh3 27. Rf2 Bxg2
28. Rxg2 Qxf3 29. Rxg6+ hxg6 30. Qe2 Qf4 31. Rd1 d4 32. Ne4 Nd5 33. Bc4 d3 34.
Qxd3 Qg4+ 35. Ng3 Rf3 36. Bxd5+ cxd5 37. Qxd5+ Kh7 38. Qd7+ Kh6 39. Qxg4 1-0

[Event "Seefeld-Casino op 19th"]
[Site "Seefeld/Tirol (5.9.-13.9)"]
[Date "2008.09.06"]
[Round "2.8"]
[White "Schumacher, Helmut(31)"]
[Black "Quinn, John M."]
[Result "1/2-1/2"]
[WhiteElo "1972"]
[BlackElo "2150"]
[PlyCount "90"]
[EventDate "2008.09.??"]
[EventType "swiss"]
[EventRounds "9"]
[Source "Ganslmayer"]
[SourceDate "2010.03.14"]

1. d4 Nf6 2. Nc3 d6 3. e4 g6 4. Nge2 Bg7 5. g3 O-O 6. Bg2 e5 7. h3 Nc6 8. Be3
exd4 9. Nxd4 Bd7 10. O-O Re8 11. Re1 a6 12. a4 Qc8 13. Kh2 Rb8 14. f4 h5 15.
Qd2 h4 16. g4 Bxg4 17. Nxc6 bxc6 18. hxg4 Nxg4+ 19. Kg1 Nxe3 20. Rxe3 Rxb2 21.
Rf1 Qe6 22. Nd1 Ra2 23. Qd3 Rxa4 24. f5 Qc4 25. fxg6 fxg6 26. e5 Qxd3 27. Rxd3
Rxe5 28. Bxc6 Rg4+ 29. Kh1 Rgg5 30. Rh3 Rg4 31. Ne3 Rd4 32. Bd7 Rde4 33. Ng4
Re7 34. Bc8 Re8 35. Nf2 Rf4 36. Bxa6 Bd4 37. Kh2 Ref8 38. Nd1 Rxf1 39. Bxf1
Be5+ 40. Kh1 Bg3 41. Bd3 g5 42. Ne3 Rf4 43. Nd5 Rf7 44. Ne3 Rf3 45. Nf5 g4
1/2-1/2

[Event "Seefeld-Casino op 19th"]
[Site "Seefeld/Tirol (5.9.-13.9)"]
[Date "2008.09.06"]
[Round "2.9"]
[White "Herbold, Manfred"]
[Black "Erhart, Uwe"]
[Result "1-0"]
[WhiteElo "2115"]
[BlackElo "1954"]
[PlyCount "51"]
[EventDate "2008.09.??"]
[EventType "swiss"]
[EventRounds "9"]
[Source "Ganslmayer"]
[SourceDate "2010.03.14"]

1. d4 Nf6 2. Nc3 d5 3. Bg5 g6 4. Qd2 Bg7 5. f3 h6 6. Bf4 c6 7. e4 Be6 8. e5 Ng8
9. g4 Nd7 10. Nge2 Nb6 11. b3 Qd7 12. a4 Rc8 13. Nc1 h5 14. Nd3 Qc7 15. Nc5 Nd7
16. Nxe6 fxe6 17. Bd3 Nf8 18. gxh5 gxh5 19. Rg1 Bh6 20. Bxh6 Nxh6 21. Rg5 c5
22. Nb5 Qb6 23. a5 Qd8 24. Rxh5 Nf7 25. Rxh8 Nxh8 26. Nxa7 1-0

[Event "Seefeld-Casino op 19th"]
[Site "Seefeld/Tirol (5.9.-13.9)"]
[Date "2008.09.06"]
[Round "2.10"]
[White "Schulze, Joachim"]
[Black "Goy, Udo"]
[Result "1/2-1/2"]
[WhiteElo "1981"]
[BlackElo "2143"]
[PlyCount "98"]
[EventDate "2008.09.??"]
[EventType "swiss"]
[EventRounds "9"]
[Source "Ganslmayer"]
[SourceDate "2010.03.14"]

1. e4 d6 2. d4 Nf6 3. Nc3 g6 4. Bf4 c6 5. Qd2 Qa5 6. Nf3 Nbd7 7. Be2 Bg7 8. O-O
O-O 9. Rfe1 e5 10. dxe5 dxe5 11. Bg5 Qc7 12. Rad1 Nc5 13. Bf1 Bg4 14. Qd3 Ne6
15. Bxf6 Bxf6 16. h3 Bxf3 17. Qxf3 Kg7 18. Nb1 Be7 19. c3 b5 20. Qd3 Rad8 21.
Qc2 a6 22. Rxd8 Rxd8 23. Rd1 Rxd1 24. Qxd1 Nc5 25. Qc2 Qd7 26. Nd2 Qe6 27. Nb3
Nb7 28. a3 Bd8 29. Nd2 Bb6 30. b4 Qf6 31. Nf3 Nd8 32. c4 h6 33. cxb5 axb5 34.
a4 bxa4 35. Qxa4 Qd6 36. Qa1 f6 37. Qc3 Ne6 38. b5 cxb5 39. Bxb5 Bc5 40. Qd2
Bd4 41. Bc4 Nc5 42. Bd5 Qa6 43. Nxd4 Qa1+ 44. Kh2 exd4 45. Qf4 Qa7 46. e5 Nd7
47. e6 Ne5 48. e7 Qxe7 49. Qxd4 g5 1/2-1/2

[Event "Seefeld-Casino op 19th"]
[Site "Seefeld/Tirol (5.9.-13.9)"]
[Date "2008.09.06"]
[Round "2.11"]
[White "Jandke, Manfred"]
[Black "Lang, Ferdinand(49)"]
[Result "1-0"]
[WhiteElo "2119"]
[BlackElo "1968"]
[PlyCount "115"]
[EventDate "2008.09.??"]
[EventType "swiss"]
[EventRounds "9"]
[Source "Ganslmayer"]
[SourceDate "2010.03.14"]

1. Nf3 d5 2. d4 Nf6 3. c4 e6 4. g3 Be7 5. Bg2 O-O 6. O-O c6 7. Qc2 Nbd7 8. Nbd2
dxc4 9. Nxc4 Nb6 10. Nce5 Nfd5 11. e4 Nb4 12. Qe2 f6 13. Nc4 c5 14. Be3 cxd4
15. Nxd4 Kh8 16. Rfd1 Qe8 17. Nxb6 axb6 18. a3 Na6 19. b4 Bd7 20. Bh3 Nc7 21.
Qd2 Rd8 22. Qc3 Rc8 23. Qb2 Qh5 24. Bg2 Ne8 25. Nf5 exf5 26. Rxd7 Bd6 27. Rxb7
Be5 28. Bd4 f4 29. Re7 fxg3 30. hxg3 Nd6 31. Bxe5 Nc4 32. Qd4 fxe5 33. Qd5 Qe2
34. Rf7 Rfd8 35. Qe6 Qb2 36. Rf1 Qxa3 37. Qg4 Rg8 38. Rxg7 Qxb4 39. Rc1 b5 40.
Qd7 Rxg7 41. Qxc8+ Rg8 42. Qe6 Rf8 43. Qh6 Qc5 44. Rc2 Qe7 45. Bf1 Nd6 46. Rc7
Nf7 47. Rxe7 Nxh6 48. Bxb5 Ng4 49. Bd7 Nxf2 50. Bf5 Nd3 51. Rxh7+ Kg8 52. Rd7
Nb4 53. Kh2 Re8 54. Kh3 Nc2 55. Kh4 Ne1 56. Kh5 Nf3 57. g4 Rb8 58. Be6+ 1-0

[Event "Seefeld-Casino op 19th"]
[Site "Seefeld/Tirol (5.9.-13.9)"]
[Date "2008.09.06"]
[Round "2.12"]
[White "Nachtkamp, Herbert"]
[Black "Thoeny, Hermann"]
[Result "1-0"]
[WhiteElo "1970"]
[BlackElo "1920"]
[PlyCount "47"]
[EventDate "2008.09.??"]
[EventType "swiss"]
[EventRounds "9"]
[Source "Ganslmayer"]
[SourceDate "2010.03.14"]
[WhiteTeam "Norderstedt SK"]
[BlackTeam "AUT/Kundl"]
[BlackTeamCountry "AUT"]

1. d4 Nf6 2. Nf3 g6 3. Nbd2 d5 4. c4 Bg7 5. cxd5 Nxd5 6. e4 Nb6 7. Nb3 O-O 8.
Be2 Nc6 9. Be3 a5 10. d5 Ne5 11. Nxe5 Bxe5 12. Bd4 Qd6 13. Bxe5 Qxe5 14. Qd4
Qg5 15. O-O Bh3 16. Bf3 Nd7 17. Qe3 f6 18. Qxg5 fxg5 19. Be2 Nf6 20. gxh3 Nxe4
21. Rad1 Nd6 22. Nd4 Nf5 23. Ne6 Rfc8 24. Nxg5 1-0

[Event "Seefeld-Casino op 19th"]
[Site "Seefeld/Tirol (5.9.-13.9)"]
[Date "2008.09.06"]
[Round "2.13"]
[White "Jaenig, Reinhard"]
[Black "Opitz, Christian"]
[Result "1-0"]
[WhiteElo "2110"]
[BlackElo "1939"]
[PlyCount "59"]
[EventDate "2008.09.??"]
[EventType "swiss"]
[EventRounds "9"]
[Source "Ganslmayer"]
[SourceDate "2010.03.14"]
[BlackTeamCountry "AUT"]

1. e4 e5 2. Nf3 Nc6 3. Bb5 a6 4. Bxc6 dxc6 5. O-O Bg4 6. h3 Bxf3 7. Qxf3 Qf6 8.
Qb3 b5 9. d3 g5 10. a4 Bd6 11. Nc3 b4 12. Ne2 Ne7 13. Be3 O-O 14. d4 Ng6 15.
Rad1 Nf4 16. Ng3 exd4 17. Bxd4 Qg6 18. Nf5 Rfe8 19. Qf3 Be5 20. Bxe5 Rxe5 21.
Rfe1 Rae8 22. Kh2 Ne6 23. Rd7 Nc5 24. Rd4 Qf6 25. Re3 a5 26. b3 Ne6 27. Rd7 Nc5
28. Rxc7 Nxe4 29. Rxe4 Rxe4 30. Qxe4 1-0